000 00532nam a22001577a 4500
005 20241130112346.0
008 241130b |||||||| |||| 00| 0 eng d
020 _a9780787212810
050 _aQD31.2
_b.H39
245 _aHealth Sciences Chemistry/
_bfor nurses, dental hygienists, and medical lab technicians/paramedics
_cGershon Shugar, et al.
250 _a2nd ed.
260 _aDubuque
_bKendall/Hunt Publishing Company
_c1995
300 _axi.532p.
_bill.
_c23cm
700 _aShugar, Gershon, et al.
942 _2lcc
_cBK
_e2nd ed.
_n0
999 _c1825
_d1825